| 000 -LEADER |
| fixed length control field |
00695nam a2200241Ia 4500 |
| 001 - CONTROL NUMBER |
| control field |
3573 |
| 003 - CONTROL NUMBER IDENTIFIER |
| control field |
GE_BSU |
| 005 - DATE AND TIME OF LATEST TRANSACTION |
| control field |
20221028152728.0 |
| 008 - FIXED-LENGTH DATA ELEMENTS--GENERAL INFORMATION |
| fixed length control field |
181216s2004ru xx |||||||||||||| ||rus|| |
| 020 ## - INTERNATIONAL STANDARD BOOK NUMBER |
| International Standard Book Number |
0321011473 |
| 040 ## - CATALOGING SOURCE |
| Transcribing agency |
GE_BSU |
| 041 ## - LANGUAGE CODE |
| Language code of text/sound track or separate title |
rus |
| 080 ## - UNIVERSAL DECIMAL CLASSIFICATION NUMBER |
| Universal Decimal Classification number |
316.6 Ч-16 |
| 100 ## - MAIN ENTRY--PERSONAL NAME |
| Personal name |
Чалдини, Роберт. |
| 9 (RLIN) |
15648 |
| 245 ## - TITLE STATEMENT |
| Title |
Психология влияния / |
| Statement of responsibility, etc. |
Роберт Чалдини |
| 260 ## - PUBLICATION, DISTRIBUTION, ETC. |
| Name of publisher, distributor, etc. |
4-е междун. изд. |
| 264 ## - PRODUCTION, PUBLICATION, DISTRIBUTION, MANUFACTURE, AND COPYRIGHT NOTICE |
| Place of production, publication, distribution, manufacture |
СПБ : |
| Name of producer, publisher, distributor, manufacturer |
Питер, |
| Date of production, publication, distribution, manufacture, or copyright notice |
2004. |
| 300 ## - PHYSICAL DESCRIPTION |
| Extent |
286 ст. : |
| Other physical details |
ил. |
| 653 ## - INDEX TERM--UNCONTROLLED |
| keyword |
Психология |
| 653 ## - INDEX TERM--UNCONTROLLED |
| keyword |
Психология влияния |
| 653 ## - INDEX TERM--UNCONTROLLED |
| keyword |
ფსიქოლოგია |
| 942 ## - ADDED ENTRY ELEMENTS (KOHA) |
| Koha item type |
წიგნი |
| Source of classification or shelving scheme |
|